Quizzes
Events
Quiz Creation
Community
Videos
Private Events
Remove Ads
Sign In
Join for FREE
Feedback
Dark Mode
Quiz Categories
Sports
Geography
Music
Movies
Television
Just For Fun
Miscellaneous
History
Literature
Language
Science
Gaming
Entertainment
Religion
Holiday
For Kids
Quiz Lab
Recent
Popular Today
Quiz Kudos Today
Editor Picks
Curator Picks
Quizzes by...
Day
Popularity
Type
Ratings
Length
Year
Community
Subscriptions
Recent Discussions
Orange Saloon
Badges
Playlists
Quests
Create
Leaderboards
Showdown
Live 5
Trivia Bingo
Activity
Puzzle Library
Sporcle Events
Private Events
Virtual Trivia
Globe League
Become a Host
Pub Owners
SporcleCon
Opinionation
Our Games
Videos
Blog
Mobile Apps
Partnerships
Remove Ads and Go Orange
Feedback
Music
Pop Music
The Beatles
Song
Album
Lyrics
Bands
Singers
Artist
Clip
Rock
Rap
Classical
Billboard
Country Music
Kpop
Taylor Swift
Music
Pop Music
The Beatles
Song
Album
Lyrics
Bands
Singers
Artist
Clip
Rock
Rap
Classical
Billboard
Country Music
Kpop
Taylor Swift
Random Quiz
Search Sporcle
×
Quiz Lab
Quiz Lab
Music
kill
Type in answers that appear in a list
Type in answers that appear in a list
Classic
Best Score? Go Orange.
Eyes Set To Kill Past Members Stats
Can you name the Eyes Set To Kill Past Members?
By
Elaine1617
10m
12 Questions
3 Plays
3 Plays
3 Plays
Comments
Comments
Give Quiz Kudos
Give Quiz Kudos
-
- Ratings
hide this ad
Replay
Link that replays current quiz
Next Quiz
Link to next quiz in quiz playlist
You Got
0%
They Got
Avg Score
41%
Avg Friend Score
Upgrade to see
Score Distribution
Jump to the score distribution portion of the page
Score
0/12
Timer
10:00
0
Plays Today
Members of the Past
% Correct
Lead vocals, keyboards, synthesizers, piano, programming, additional guitars (2005–2010)
Brandon Anderson
100%
Lead guitar, backing vocals (2007–2011)
Greg Kerwin
66.7%
Clean vocals (2003–2007)
Lindsey Vogt
66.7%
Lead guitar, backing vocals (2006–2007)
Alex Torres
33.3%
Guitars (2005–2007)
John Moody
33.3%
Guitars (2003–2007)
Connor Vogt
33.3%
Lead guitar, backing vocals (2003–2005)
Zack Hansen
33.3%
Drums, percussion (2003–2005)
Milad Sadegi
33.3%
Lead vocals (2003–2005)
Austin Vanderbur
33.3%
Lead vocals (2003)
Spencer Merrill
33.3%
Drums, percussion (2003)
David Phipps
33.3%
Lead vocals (2010)
Justin Denson
0%
Quiz Playlist
Details
Report
Send in Message
Add To Playlist
Classic:
Type in answers that appear in a list
Last Updated: Feb 16, 2017
Quiz Scoreboard
CHALLENGE
Sign Up to Join the Scoreboard
Show All
Scores
Hide
Comments
May contain spoilers
Recently Published
College Basketball Coaching Resumes
by pancakes188
Sports
9m
Billboard Blitz: Fleetwood Mac
by CooCooCachoo
Music
15s
Presidents Visiting Landmarks
by Hejman
History
7m
More to Explore
Quiz From the Vault
Featured Blog Post
Where Did the Easter Bunny Come From?
hide this ad
You Might Also Like...
Tags
Eye
kill
past
set
To Kill a Mockingbird
Today's Top Quizzes in Music
Browse Music
hide this ad
Today's Top Quizzes in kill
Browse kill
Top Contributed Quizzes in Music
1
Taylor Swift All Songs (2024)
2
7-to-1: Billboard Hot 100 #1 Hits of 2010s
3
Guess the Artist- 70s Songs
4
Sorting Albums and Songs
5
Taylor Swift Logic Puzzle
6
KPOP LOGIC QUIZ
7
Guess the Taylor Swift song (Mystery Song)
8
2010s Album by Cover III
9
One Thing in Common: Music
10
Guess The Taylor Swift Lyrics Song #1
Explore More
Trending Topics
Anime
Kpop
Marvel
Harry Potter
Disney
NBA
Crossword
WWE
Soccer
NFL
Song
Pokémon
The Office
Puzzle
Country
hide this ad
More By:
Elaine1617
Quiz
Plays
Rating
Category
Featured
Created
Ghost Adventures Crew ._.
683
2.00
Television
Feb 28, 2011
Asking Alexandria Members
414
5.00
Music
Feb 25, 2011
30 Seconds To Mars Songs!
383
Music
Mar 1, 2011
Ghost Adventures Locations
190
1.00
Television
Feb 28, 2011
Alesana Lyrics
178
Music
Feb 7, 2011
Go to Creator's Profile
Score Distribution
Quiz Creator Spotlight
Elaine1617
Follow
Send a Message
Quizzes Created
-
Created Quiz Play Count
-
More By This Creator
Popular Quizzes Today
1
Find the US States - No Outlines Minefield
2
Find the Countries of Europe - No Outlines Minefield
3
The Countries of the World
4
Find the US States
5
Risky Map Clicking: Biggest States A-Z
6
US States
7
Popular People in 1961
8
Movies - When Are They Set?
More Music Quizzes
A-Z of Loona songs
Quiz Lab
Trending Quizzes
Risky Map Clicking: Least Populous States A-Z
1-10 Letter G Words
1-10 Letter F Words
Risky Map Clicking: Next State Alphabetically
Risky Map Clicking: Biggest States A-Z
Recently Updated
Leaping Animals
pecheneg
Reality TV Shows (A-Z)
bhenderson79
Rickey Henderson's Hall of Fame Teammates
pecheneg
Champions League XIs: Arsenal
pecheneg
Quick Pick: Celebrities in WWE's Hall of Fame
aduchscher
A-Z Keypad Blitz II
pecheneg
Multiple Oscar Actors
pecheneg
Mystery Phrase Blitz: Oscar 'Best Actors'
pecheneg
F. Scott Fitzgerald Novels
LTH
Pick 3 Villains
ddd62291
Trending Topics
Kpop
Marvel
Disney
Anime
NBA
Harry Potter
Crossword
Country
The Office
Pokémon
Puzzle
Song
WWE
Soccer
NFL
Your Account Isn't Verified!
In order to create a playlist on Sporcle, you need to verify the email address you used during registration. Go to your
Sporcle Settings
to finish the process.
Report this User
Report this user for behavior that violates our
Community Guidelines
.
Details:
Send Report
Go to the Sporcle.com Mobile Site →
Comments